DOSIAHNUTÉ VÝSLEDKY SANAČNÝCH PRÁC NA LOKALITE PO SOVIETSKEJ ARMÁDE, SLIAČ-VLKANOVÁ

Bibliographic Details
Main Authors: Gálisová, Mária (Author), Oslík, Ján (Author), Drahoš, Miroslav (Author)
Format: Article
Language:Slovak
ISBN:9788097112608

MARC

LEADER 00000naa a2200000uu 4500
001 vtls011050049
003 SK-MaSNL
005 20260302113216.0
008 210904|2012 xo |||||||||||||||||slo|
015 |a SNBRA 
035 |a (urnnbn)urn:nbn:sk:snk:ar-00978m 
035 |a (uuid)2e51eb1b-88fe-49f3-9d4a-775b8535db1d 
035 |a urn:nbn:sk:snk-aav0pz 
040 |a SNKBUCL  |b slo  |c SNKBUCL  |e AACR2 
041 0 |a slo 
044 |a xo  |c SK 
100 1 |a Gálisová, Mária  |4 aut  |9 471231 
245 1 0 |a DOSIAHNUTÉ VÝSLEDKY SANAČNÝCH PRÁC NA LOKALITE PO SOVIETSKEJ ARMÁDE, SLIAČ-VLKANOVÁ  |c Mária Gálisová, Ján Oslík, Miroslav Drahoš 
246 3 |a DECONTAMINATION OF AREA POLLUTED BY SOVIET ARMY, SLIAČ-VLKANOVÁ 
700 1 |a Oslík, Ján  |4 aut  |9 793364 
700 1 |a Drahoš, Miroslav  |4 aut  |9 370069 
773 0 |t 16. Slovenská hydrogeologická konferencia "Aktuálne hydrogeologické problémy regiónov Slovenska"  |d Bratislava : Slovenská asociácia hydrogeológov, 2012  |g S. 36-37  |z 9788097112608 
958 |a OND 
958 |a article12 
958 |a chapter 
999 |c 1254821  |d 1256751